000 00382nam a2200181Ia 4500
003 0STCL
008 150530s9999 xx 000 0 und d
040 _aSTCL
_cSTCL
100 _aBanwari Lal Sahu
245 _aBishnoi Lok Geet
250 _a1
260 _c2005
_aBikaner
300 _a0
546 _aHindi
942 _2ddc
_cBK
999 _c63029
_d63029
005 20220125171218.0